| 000 | 01730nam a22002417a 4500 | ||
|---|---|---|---|
| 999 |
_c58213 _d58213 |
||
| 003 | Ge_BSU | ||
| 005 | 20210916115148.0 | ||
| 008 | 210916s2021 ge ||||| |||| 00| 0 geo d | ||
| 020 | _a9789941831980 | ||
| 041 | _ageo | ||
| 080 | _a72(479.224) ო-42 | ||
| 245 |
_aოკუპირებული მემკვიდრეობა = Occupied heritage : _b(რელიგიური ნაგებობები ოკუპირებულ აფხაზეთის ავტონომიურ რესპუბლიკასა და ცხინვალის რეგიონში : ფოტოალბომი] / _cგამოცემაზე მუშაობდნენ: ზაზა ვაშაყმაძე, გიორგი უკლება, ნინო ჭავჭავაძე [და სხვა] ; მთავარი რედაქტორი ზაზა ვაშაყმაძე ; რელიგიის საკითხთა სახელმწ. სააგენტო. |
||
| 264 |
_aთბილისი, _c2021. |
||
| 300 |
_a420 გვ. : _bფოტ. ; _c30 სმ. |
||
| 653 | _aოკუპირებული მემკვიდრეობა | ||
| 653 | _aფოტოალბომი | ||
| 700 |
_aუკლება, გიორგი _912484 |
||
| 700 |
_aჭავჭავაძე, ნინო _912485 |
||
| 700 |
_aასათიანი, ნინო და სხვ. _912488 |
||
| 700 |
_aვაშაყმაძე, ზაზა _eმთ. რედაქტორი _912489 |
||
| 710 |
_aრელიგიის საკითხთა სახელმწ. სააგენტო. _96269 |
||
| 942 |
_2udc _cBK |
||